01722cam a22004334i 4500003000900000005001700009008004100026020001800067040003300085049000900118082002500127100004200152245008200194264005900276300002800335336002100363337002500384338002300409504002900432505028700461526001000748526001000758526001000768526001000778526000800788526000800796526000800804526000800812526000800820526000800828526000800836630006100844630004500905910000800950942001200958980011000970999001701080952019101097PE-LiUPU20250731173555.0150616s r 000 0 d a9780872498907 aPE-LiUPUbspacPE-LiUPUerda aPRUA04a224.92066bC886a221 9588aCraig, Kenneth M.d1960-eautor.10aA poetics of Jonah :bArt en the service of ideology /cKenneth M. Craig, Jr. 1aCarolina :bUniversity of South Carolina Press.c1993. a211 páginas :c24 cm. atext2rdacontent aunmediated2rdamedia avolume2rdacarrier aBibliografía : 192-2020 aWhat is poetics? -- The RSV, NRSV, and Jonah -- The narrator and characters -- Jonah and the Reading Process -- The multiple reports of prayer in Jonah -- Jonah and poetry -- Representation of the inner life: a case for inside views -- Yhe ideological plane: summary and conclusion. aSEG42 aSEG41 aSEG40 aSEG39 aP94 aP87 aP86 aP85 aP77 aP76 aP35 0aBiblia.pJonásxCrítica, interpretación, etc.9589 0aBiblia.pJonásxLenguaje y estilo9591 ajck 2ddccBK 618226aJaime Vilcazán Jefe de Análisis Documental81gALBERTO SANCHEZ Responsable de Automatización c61614d61614 r2025-12-02 00:00:00i1l1o224.92066 C886ap48810s2024-06-13te1v22.47w2022-11-16xFTyBKzinventario-2023-12-13102ddc50708GENfP35aBULbBULcGENd1999-10-04eEisenbraumsg17.47